000
00319nam a2200133Ia 4500
005
20260328104315.0
008
260328s9999||||xx |||||||||||||| ||und||
100
_a
Ortbal, John
245
4
_a
The Ecology of Design /
_c
John Ortbal
260
_b
Aiga
300
_a
136 p.
650
_a
DISEÑO INDUSTRIAL
942
_c
BK
999
_c
11125
_d
11125